Quizzes
Events
Quiz Creation
Community
Videos
Private Events
Remove Ads
Sign In
Join for FREE
Feedback
Dark Mode
Quiz Categories
Sports
Geography
Music
Movies
Television
Just For Fun
Miscellaneous
History
Literature
Language
Science
Gaming
Entertainment
Religion
Holiday
For Kids
Quiz Lab
Recent
Popular Today
Quiz Kudos Today
Editor Picks
Curator Picks
Quizzes by...
Day
Popularity
Type
Ratings
Length
Year
Community
Subscriptions
Recent Discussions
Orange Saloon
Badges
Playlists
Quests
Create
Leaderboards
Showdown
Live 5
Trivia Bingo
Activity
Puzzle Library
Sporcle Events
Private Events
Virtual Trivia
Globe League
Become a Host
Pub Owners
SporcleCon
Opinionation
Our Games
Videos
Blog
Mobile Apps
Partnerships
Remove Ads and Go Orange
Feedback
Music
Pop Music
The Beatles
Song
Album
Lyrics
Bands
Singers
Artist
Clip
Rock
Rap
Classical
Billboard
Country Music
Kpop
Taylor Swift
Music
Pop Music
The Beatles
Song
Album
Lyrics
Bands
Singers
Artist
Clip
Rock
Rap
Classical
Billboard
Country Music
Kpop
Taylor Swift
Random Quiz
Search Sporcle
×
Quiz Lab
Quiz Lab
Music
Album
Type in answers that appear in a list
Type in answers that appear in a list
Classic
Best Score? Go Orange.
Ariana Grande Songs Stats
Can you name the Ariana Grande Songs?
By
tsx
20m
93 Questions
2,056 Plays
2,056 Plays
2,056 Plays
Comments
Comments
Give Quiz Kudos
Give Quiz Kudos
-
- Ratings
hide this ad
Replay
Link that replays current quiz
Next Quiz
Link to next quiz in quiz playlist
You Got
0%
They Got
Avg Score
53%
Avg Friend Score
Upgrade to see
Score Distribution
Jump to the score distribution portion of the page
Score
0/93
Timer
20:00
0
Plays Today
Album
Song
% Correct
Dangerous Woman
Dangerous Woman
93.3%
Thank U, Next
Thank U, Next
92%
Positions
Positions
90.3%
Positions
34+35
88.9%
Thank U, Next
7 Rings
87.4%
Sweetener
Sweetener
86.5%
Sweetener
God Is a Woman
86.4%
My Everything
Problem
85.2%
My Everything
My Everything
85.2%
Sweetener
No Tears Left to Cry
84.7%
Thank U, Next
Break Up with Your Girlfriend, I’m Bored
84.2%
Dangerous Woman
Side to Side
83.9%
Yours Truly
The Way
83.8%
Dangerous Woman
Into You
83.1%
My Everything
Break Free
82.4%
Positions
POV
82.3%
Yours Truly
Honeymoon Avenue
82%
Thank U, Next
NASA
81.8%
My Everything
One Last Time
81.8%
Thank U, Next
Needy
81.4%
Sweetener
Pete Davidson
81%
Thank U, Next
Imagine
80.4%
Yours Truly
Baby I
80.4%
Dangerous Woman
Moonlight
80.2%
Sweetener
Raindrops (An Angel Cried)
80%
Sweetener
Breathin'
79.9%
Thank U, Next
Bloodline
79.7%
Sweetener
The Light Is Coming
79.3%
Thank U, Next
Ghostin’
78.2%
Thank U, Next
Make Up
77.5%
My Everything
Love Me Harder
77.1%
Album
Song
% Correct
Sweetener
Blazed
76.8%
Thank U, Next
Bad Idea
76.4%
Sweetener
R.E.M.
76.1%
Positions
Motive
76%
Dangerous Woman
Everyday
75.6%
Positions
Shut Up
75.6%
Thank U, Next
In My Head
74.9%
Positions
My Hair
74.9%
Dangerous Woman
Greedy
74.8%
My Everything
Bang Bang
74.8%
Yours Truly
Right There
74.2%
Sweetener
Goodnight n' Go
74.2%
Thank U, Next
Fake Smile
73.7%
Sweetener
Get Well Soon
73.7%
Sweetener
Everytime
73.4%
Yours Truly
Piano
73.1%
Positions
Off the Table
73%
Sweetener
Successful
72.8%
Dangerous Woman
Be Alright
72.8%
Dangerous Woman
Let Me Love You
72.8%
Positions
Safety Net
72.5%
Sweetener
Borderline
72.4%
My Everything
Intro
70.9%
Yours Truly
Tattooed Heart
70.2%
Yours Truly
Popular Song
70%
Positions
West Side
69.6%
Positions
Test Drive
69.4%
Positions
Six Thirty
68.7%
Positions
Just Like Magic
68.4%
Positions
Love Language
68.1%
Sweetener
Better Off
67.9%
Album
Song
% Correct
My Everything
Break Your Heart Right Back
67.8%
Yours Truly
Almost Is Never Enough
67.5%
Dangerous Woman
Touch It
67.4%
My Everything
Best Mistake
67%
Dangerous Woman
Leave Me Lonely
66.6%
Positions
Nasty
66.2%
Positions
Obvious
65.5%
My Everything
Just a Little Bit of Your Heart
65.2%
My Everything
Why Try
64.9%
Dangerous Woman
Sometimes
64.6%
Yours Truly
Daydreamin'
63.8%
My Everything
Be My Baby
63.5%
Dangerous Woman
Thinking ‘Bout You
62.5%
Dangerous Woman
Bad Decisions
62.4%
Dangerous Woman
Knew Better/Forever Boy
61.8%
Dangerous Woman
Focus
61.6%
My Everything
Hands on Me
60.8%
My Everything
Only 1
60.2%
Dangerous Woman
I Don't Care
58.7%
Positions
Main Thing
58.5%
Positions
Someone Like U
57.8%
Dangerous Woman
Jason's Song (Gave It Away)
57.8%
Yours Truly
Better Left Unsaid
57.6%
Yours Truly
Lovin' It
56.9%
Yours Truly
You'll Never Know
56.9%
Positions
Worst Behavior
56.7%
My Everything
You Don't Know Me
54%
Thank U, Next
Monopoly
51.9%
Dangerous Woman
Step On Up
47.5%
My Everything
Cadillac Song
42.4%
My Everything
Too Close
33.6%
Quiz Playlist
Details
Report
Send in Message
Add To Playlist
Classic:
Type in answers that appear in a list
Last Updated: Jan 8, 2022
Quiz Scoreboard
CHALLENGE
Sign Up to Join the Scoreboard
Show All
Scores
Hide
Comments
May contain spoilers
Recently Published
An Introduction to Baseball
by treessimontrees
Sports
5m
Movies - When Are They Set?
by FPL_Elf
Movies
5m
Popular People in 1961
by mucciniale
History
6m
More to Explore
Quiz From the Vault
Featured Blog Post
Where Did the Easter Bunny Come From?
hide this ad
You Might Also Like...
Tags
Album Quiz
Song Quiz
grande
Today's Top Quizzes in Music
Browse Music
hide this ad
Today's Top Quizzes in Album
Browse Album
Top Contributed Quizzes in Music
1
Taylor Swift All Songs (2024)
2
Guess the Artist- 70s Songs
3
KPOP LOGIC QUIZ
4
One Thing in Common: Music
5
2010s Album by Cover III
6
Guess the Taylor Swift song (Mystery Song)
7
Taylor Swift Logic Puzzle
8
2010s Album by Cover IV
9
2010s Album by Cover V
10
Kpop Logic Quiz
Explore More
Trending Topics
Marvel
Harry Potter
Anime
NBA
Disney
Crossword
Kpop
NFL
Puzzle
The Office
Pokémon
Soccer
WWE
Country
Song
hide this ad
More By:
tsx
Quiz
Plays
Rating
Category
Featured
Created
Niall Horan Songs
13,432
5.00
Music
Sep 22, 2017
Morgan Wallen Songs
11,770
5.00
Music
Jan 9, 2021
Paper Mario Games
10,132
4.50
Gaming
Mar 22, 2016
Super Smash Bros. Ultimate Fighters
6,953
5.00
Gaming
Jun 14, 2018
Harry Styles Songs
3,028
3.00
Music
Apr 15, 2017
Go to Creator's Profile
Score Distribution
Quiz Creator Spotlight
tsx
Follow
Send a Message
Quizzes Created
-
Created Quiz Play Count
-
More By This Creator
Popular Quizzes Today
1
Find the Countries of Europe - No Outlines Minefield
2
Find the US States - No Outlines Minefield
3
The Countries of the World
4
Popular People in 1961
5
Find the US States
6
US States
7
1-10 Letter E Words III
8
Risky Map Clicking: Biggest States A-Z
More Music Quizzes
Musician by Biography Title
Published
Trending Quizzes
Risky Map Clicking: Least Populous States A-Z
1-10 Letter F Words
1-10 Letter G Words
Not Quite an Element Typing Challenge
One Thing in Common: United Kingdom
Recently Updated
Leaping Animals
pecheneg
Reality TV Shows (A-Z)
bhenderson79
Rickey Henderson's Hall of Fame Teammates
pecheneg
Champions League XIs: Arsenal
pecheneg
Quick Pick: Celebrities in WWE's Hall of Fame
aduchscher
A-Z Keypad Blitz II
pecheneg
Multiple Oscar Actors
pecheneg
Mystery Phrase Blitz: Oscar 'Best Actors'
pecheneg
F. Scott Fitzgerald Novels
LTH
Pick 3 Villains
ddd62291
Trending Topics
Harry Potter
Kpop
Anime
Marvel
Disney
Crossword
NBA
Puzzle
Song
Country
Soccer
The Office
WWE
Pokémon
NFL
Your Account Isn't Verified!
In order to create a playlist on Sporcle, you need to verify the email address you used during registration. Go to your
Sporcle Settings
to finish the process.
Report this User
Report this user for behavior that violates our
Community Guidelines
.
Details:
Send Report
Go to the Sporcle.com Mobile Site →
Comments